| 000 | 00444cam a2200181ua 4500 | ||
|---|---|---|---|
| 020 | _c3.00 | ||
| 041 |
_amal _h |
||
| 082 |
_a894.812308 _bBAN/AN |
||
| 100 | _aBangima Chandra Chatterj, . | ||
| 245 |
_aAnanda madam / _cBangima Chandra Chatterjee. _hTextual Documents |
||
| 250 |
_a5 / _b. |
||
| 260 |
_aCalicut : _bP.K Brothers , _c1963. |
||
| 300 | _a331 ; . | ||
| 365 | _a3.00 | ||
| 504 | _a | ||
| 942 | _cBK | ||
| 999 |
_c672 _d672 |
||